000 00661nam a2200253Ia 4500
003 OSt
005 20221007100318.0
006 a|||||r|||| 00| 0
007 ta
008 221006b |||||||| |||| 00| 0 eng d
024 _a4,223
037 _cTextual
040 _aLCO
_cLCO
_beng
041 _2eng
_aeng
082 _aL:(Z2,91), L9.1
100 _aEDEL Abraham
245 0 _aAnalyzing concepts in social science
260 _aN
_bJ Transaction books
_c1979
300 _a351
490 _vVol - 1
650 _aSOCIAL SCIENCE
942 _hL:(Z2,91), L9.1
_cTEXL
999 _c1173786
_d1173786